00234nam a22000857a 4500040000800000082001300008245005900021260005000080300001800130 cDLC a951bCRO aThe Rapid Development of China's High-speed Railways / aBeijingbChina Railway Publishing Housec2015 avarious pages